Flaggen der Welt in 1910 - Statistiken

Allgemein
  • Dieses Quiz wurde 7.904 mal gespielt
  • Das Durchschnittsergebnis liegt bei 37 aus 67
Antwortstatistiken
Bildquiz Antwort % Korrekt
Japan
99%
Russland
98%
Niederlande
97%
Vereinigte Staaten
97%
Belgien
96%
Schweiz
96%
Frankreich
95%
Luxemburg
94%
Schweden
92%
Dänemark
91%
Norwegen
91%
Spanien
90%
Australien
83%
Vereinigtes Königreich
83%
Neuseeland
82%
Bulgarien
80%
Chile
80%
Uruguay
80%
San Marino
79%
China
78%
Panama
77%
Monaco
75%
Peru
75%
Brasilien
74%
Deutschland
74%
Argentinien
72%
Österreich-Ungarn
(Handelsflagge)
71%
Mexiko
70%
Paraguay
68%
Nepal
67%
Rumänien
67%
Kolumbien
66%
Liberia
66%
Serbien
64%
Ecuador
62%
Venezuela
62%
Italien
61%
Osmanisches Reich
60%
Costa Rica
59%
Honduras
57%
Kuba
55%
Nicaragua
53%
Dominikanische Republik
52%
Guatemala
46%
Haiti
46%
Bolivien
45%
Portugal
38%
Persien
32%
Siam
32%
Afghanistan
28%
Montenegro
28%
Liechtenstein
27%
Andorra
24%
Kanada
21%
Griechenland
20%
Marokko
12%
Neufundland
10%
Südafrika
9%
Äthiopien
8%
El Salvador
5%
Ha'il
2%
Johor
2%
Riad
2%
Staat der Derwische
2%
Asir
1%
Mbunda
1%
Nadschran
1%
Keine übereinstimmenden Quizze gefunden
Verteilung der Resultate
Anzahl Personen mit jedem Resultat
Perzentil nach korrekt beantworteten Fragen
Ihre Resultats-Entwicklung
Sie haben dieses Quiz noch nicht gespielt